MARC

Tag First Indicator Second Indicator Subfields
LEADER 00000cam a2200000 a 4500
001 in00001069409
005 20160115124027.0
008 880505s1987 txua bs s00010 eng d
035 |a (OCoLC)17897455 
035 |9 AFN6064AM 
040 |a AGL  |c AGL  |d IKM  |d UtOrBLW 
049 |a IKMD  |a TXAS [tamu] 
070 0 |a HD1775.T4T5  |b no.87-1 
072 0 |a E400  |a E700 
086 |a Z TA225.7 T226 no.87-1  |2 txdocs 
090 |a HD1775.T4  |b D4 no.87-1 
099 9 |a Z  |a TA225.7  |a T226  |a no.87-1 
100 1 |a Sporleder, Thomas L. 
245 1 0 |a Effect of pooling on equity capital and current assets of large producer marketing cooperatives /  |c Thomas L. Sporleder, Cynthia H. Tough, and William M. Malick. 
264 1 |a College Station, Tex. :  |b Dept. of Agricultural Economics, Texas Agricultural Experiment Station, Texas A&M University System,  |c 1987. 
300 |a 32 leaves :  |b 1 illustration ;  |c 28 cm. 
336 |a text  |b txt  |2 rdacontent 
337 |a unmediated  |b n  |2 rdamedia 
338 |a volume  |b nc  |2 rdacarrier 
490 1 |a Departmental technical report ;  |v no. 87-1 
500 |a "Manuscript reports a portion of the research conducted at Texas A&M University on a projeect entitled 'Analysis of the impact of pooling on the financial structure of regional marketing cooperatives with implications for export marketing', research agreement 58-3J31-3-0031 with the Agricultural Cooperative Service, U.S. Department of Agriculture." 
500 |a "July, 1987." 
504 |a Bibliography: leaves 31-32. 
650 0 |a Agriculture, Cooperative  |z United States  |x Finance. 
650 0 |a Dairying, Cooperative  |z United States  |x Finance. 
650 0 |a Producer cooperatives  |z United States  |x Finance. 
700 1 |a Tough, Cynthia H.  |q (Cynthia Heather),  |d 1959- 
700 1 |a Malick, William M.  |q (William Michael),  |d 1953- 
710 2 |a Texas Agricultural Experiment Station.  |b Department of Agricultural Economics. 
710 1 |a United States.  |b Agricultural Cooperative Service. 
830 0 |a Departmental technical report ;  |v no. 87-1. 
999 |a MARS 
999 f f |s bd50e7df-e61a-325f-af68-d9a1b8b502bc  |i 507f98b2-2db3-30e6-b826-7090854e8918  |t 0 
952 f f |p noncirc  |a Texas A&M University  |b College Station  |c Cushing Memorial Library & Archives  |d Cushing: Texas A&M Publications (Remote Storage: 2-3 day retrieval)  |t 0  |e HD1775.T4 D4 no.87-1  |h Library of Congress classification  |i unmediated -- volume 
998 f f |a HD1775.T4 D4 no.87-1  |t 0  |l Cushing: Texas A&M Publications (Remote Storage: 2-3 day retrieval)